000 00287nam a22001337a 4500
008 170320b xxu||||| |||| 00| 0 eng d
020 _a9780495095545
041 _aeng
080 _210 ED
_a616.8
100 _a7
101 _aSHM
245 _aOUR SEXUALITY
_cCROOKS.R
942 _2udc
_cBK
999 _c8083
_d8083